000 00691nam a2200193Ii 4500
003 JO-AjNU
008 230605s9999||||xx |||||||||||||| ||und||
040 _aJO-AjNU
_bara
_erda
_cJO-AjNU
041 _aara
050 1 4 _aB825.H33
100 3 _aتاليف الحفني، عبد المنعم,
_eauthor
_957319
245 0 0 _aالمثالية والمادية وأزمة العصر
264 3 1 _aبيروت: المركز العربي للثقافة والعلوم، د.ت
300 _a115ص
336 _atext
_btxt
_2rdacontent
337 _aunmediated
_bn
_2rdamedia
338 _avolume
_bnc
_2rdacarrier
650 4 _aالمثالية- الوجودية- المادية- فلسفة
_957320
999 _aA25677
_c29245
_d29245